| 000 | 01074nam a2200265 a 4500 | ||
|---|---|---|---|
| 001 | BRCA_2512 | ||
| 005 | 20190320203838.0 | ||
| 008 | 251108m19441952sp-a######---#000-0#spa-u | ||
| 041 | _aspa | ||
| 044 | _asp | ||
| 050 | 4 |
_aNK4123 _b.G66 1944 |
|
| 100 | 1 |
_aGonzález Martí, Manuel _97220 |
|
| 245 | 1 | 0 |
_aCerámica del levante español _bsiglos medievales _cpor Manuel González Martí. |
| 260 |
_aEspaña _bLabor _c1944-1952 |
||
| 300 |
_a3 v. _bil. (algunas a color) _c27 cm. |
||
| 500 | _aLos volúmenes 2 y 3 incluyen índice bibliográfico, de archivos, bibliotecas y museos, índice de azulejeros y ladrilleros, indíce cronológico, índice onomástico, índice toponímico y vocabulario cerámico | ||
| 500 | _av.2 ejemplar igual a A112 ; v.3 ejemplar igual a A111 | ||
| 500 | _aA4 | ||
| 505 | 0 | _aContenido: v.1. Loza. -- v.2. Alicatados y azulejos. -- v.3. Azulejos ´Socarrats´ y retablos | |
| 650 | 1 | 4 |
_aAzulejos españoles _97221 |
| 650 | 1 | 4 |
_aCerámica _xHistoria _zEspaña _92051 |
| 650 | 1 | 4 |
_aCerámica _xMedieval _97222 |
| 902 | _aGFM | ||
| 942 |
_2lcc _cB |
||
| 999 |
_c2253 _d2253 |
||